[Event "American Continental (Women) 09th"]
[Site "Lima"]
[Date "2016.02.27"]
[Round "8"]
[White "Romero Dongo, Antonella"]
[Black "Peng, Jackie"]
[Result "0-1"]
[WhiteElo "1781"]
[BlackElo "1922"]
[PlyCount "68"]
[EventDate "2016.02.20"]
[EventType "swiss"]
[EventRounds "9"]
[EventCountry "PER"]
[SourceTitle "CBM 171 Extra"]
[Source "ChessBase"]
[SourceDate "2016.04.26"]
[SourceVersion "1"]
[SourceVersionDate "2016.04.26"]
[SourceQuality "1"]

1. e4 c5 2. Nf3 d6 3. d4 cxd4 4. Qxd4 a6 5. Bg5 Nc6 6. Qd2 g6 7. Nc3 Bg7 8. Bc4 Nf6 9. 0-0-0 0-0 10. Bh6 b5 11. Bxg7 Kxg7 12. Bd5 Bb7 13. h4 h5 14. Nh2 b4 15. Nb1 e6 16. Bxc6 Bxc6 17. f3 Qa5 18. a3 Rab8 19. Qxd6 Rfc8 20. Rd2 Ba4 21. Rhd1 Rb6 22. Qe7 Rbc6 23. c3 bxc3 24. Nxc3 Rxc3+ 25. Kb1 Bxd1 26. Rxd1 R3c7 27. Qd6 Rd7 28. Qxd7 Nxd7 29. Rxd7 Qc5 30. Nf1 Qc1+ 31. Ka2 Qxf1 32. e5 Qxg2 33. Rd6 Rb8 34. Rxa6 Qxb2# 0-1

[Event "American Continental (Women) 09th"]
[Site "Lima"]
[Date "2016.02.23"]
[Round "5"]
[White "Chumpitaz Carbajal, Ann"]
[Black "Peng, Jackie"]
[Result "1-0"]
[WhiteElo "2209"]
[BlackElo "1922"]
[PlyCount "91"]
[EventDate "2016.02.20"]
[EventType "swiss"]
[EventRounds "9"]
[EventCountry "PER"]
[SourceTitle "CBM 171 Extra"]
[Source "ChessBase"]
[SourceDate "2016.04.26"]
[SourceVersion "1"]
[SourceVersionDate "2016.04.26"]
[SourceQuality "1"]

1. d4 Nf6 2. c4 g6 3. Nc3 Bg7 4. e4 d6 5. Nf3 0-0 6. Be2 e5 7. 0-0 Nc6 8. d5 Ne7 9. Qc2 Nd7 10. Rd1 f5 11. Ng5 Nc5 12. b4 Nxe4 13. Ncxe4 fxe4 14. Ne6 Bxe6 15. dxe6 Nc6 16. Qxe4 Qf6 17. Be3 Nd4 18. Bg4 h5 19. Bh3 Ne2+ 20. Kh1 Nc3 21. Qxb7 Nxd1 22. Rxd1 g5 23. g3 Kh8 24. Bg2 Qxe6 25. Qxc7 Rac8 26. Qxd6 Qxc4 27. Qg6 Qe2 28. Rg1 Rf6 29. Qxg5 Rd6 30. Be4 Rf8 31. f3 Rxf3 32. Qxh5+ Rh6 33. Bxf3 Qxe3 34. Qg4 Qc3 35. Be4 Bf6 36. Rd1 Qxb4 37. Qc8+ Kg7 38. Qc7+ Kf8 39. Bg2 Qe7 40. Qb8+ Kg7 41. Rb1 Kg6 42. Be4+ Kh5 43. Qc8 Bg5 44. Qh3+ Bh4 45. Qf5+ Bg5 46. Bf3# 1-0

[Event "New York Marchand op"]
[Site "New York"]
[Date "2015.03.15"]
[Round "4"]
[White "Alexander, Michael"]
[Black "Peng, Jackie"]
[Result "0-1"]
[WhiteElo "1823"]
[BlackElo "1914"]
[PlyCount "68"]
[EventDate "2015.03.14"]
[EventType "swiss"]
[EventRounds "5"]
[EventCountry "USA"]
[SourceTitle "EXT 2016"]
[Source "ChessBase"]
[SourceDate "2015.10.08"]
[SourceVersion "1"]
[SourceVersionDate "2015.10.08"]
[SourceQuality "1"]

1. e4 c5 2. c3 Nf6 3. e5 Nd5 4. d4 cxd4 5. Qxd4 e6 6. Nf3 Nc6 7. Qe4 d6 8. Bb5 Bd7 9. c4 Nb6 10. exd6 Bxd6 11. 0-0 a6 12. Rd1 Qc7 13. Nc3 Ne5 14. Nxe5 Bxe5 15. Bxd7+ Nxd7 16. Bg5 h6 17. Bh4 Bxh2+ 18. Kh1 g5 19. Rxd7 Qxd7 20. Nd5 f5 21. Qd4 Be5 22. Qxe5 0-0 23. Nf6+ Rxf6 24. Qxf6 gxh4 25. Qg6+ Qg7 26. Qxe6+ Kh8 27. Rd1 Rg8 28. Qd5 Qg4 29. Rd4 Qg5 30. b3 b6 31. Qf3 Re8 32. Qc3 Kh7 33. Rd7+ Re7 34. Qe5 Rxd7 0-1

[Event "World ol U16"]
[Site "Gyor"]
[Date "2014.12.19"]
[Round "8.4"]
[White "Mayrhuber, Nikola"]
[Black "Peng, Jackie"]
[Result "1-0"]
[WhiteElo "1765"]
[BlackElo "1982"]
[PlyCount "95"]
[EventDate "2014.12.13"]
[EventType "team-swiss"]
[EventRounds "10"]
[EventCountry "HUN"]
[SourceTitle "EXT 2016"]
[Source "ChessBase"]
[SourceDate "2015.10.08"]
[SourceVersion "1"]
[SourceVersionDate "2015.10.08"]
[SourceQuality "1"]
[WhiteTeam "Austria"]
[BlackTeam "Canada II"]
[WhiteTeamCountry "AUT"]
[BlackTeamCountry "CAN"]

1. d4 Nf6 2. Nf3 g6 3. c4 Bg7 4. e3 0-0 5. Be2 c5 6. 0-0 cxd4 7. exd4 d5 8. Nc3 Nc6 9. Be3 b6 10. Ne5 Bb7 11. f4 dxc4 12. Bxc4 Nb4 13. f5 Nbd5 14. Bd2 gxf5 15. Rxf5 e6 16. Rg5 Nxc3 17. bxc3 Kh8 18. Bd3 Qe7 19. Qe1 Rg8 20. Qh4 Qf8 21. Bxh7 Nxh7 22. Rh5 Bh6 23. Rxh6 Rxg2+ 24. Kf1 Qg7 25. Bg5 Rxg5 26. Rxh7+ Qxh7 27. Nxf7+ Kg7 28. Qxh7+ Kxh7 29. Nxg5+ Kg6 30. Nxe6 Rh8 31. Kg1 Kf5 32. Nc7 Rg8+ 33. Kf2 Rg2+ 34. Ke3 Rxh2 35. Rf1+ Kg6 36. Rf2 Rh3+ 37. Kd2 a6 38. Ne6 Rh4 39. Nf8+ Kg7 40. Nd7 Rh6 41. Ne5 b5 42. Rf7+ Kg8 43. Rxb7 Rh2+ 44. Kd3 Rxa2 45. Nc6 Kf8 46. Ra7 Ke8 47. Nb4 Ra1 48. Rxa6 1-0

[Event "World ol U16"]
[Site "Gyor"]
[Date "2014.12.18"]
[Round "6.4"]
[White "Dwyer, Daniel1111"]
[Black "Peng, Jackie"]
[Result "1-0"]
[WhiteElo "1777"]
[BlackElo "1982"]
[PlyCount "53"]
[EventDate "2014.12.13"]
[EventType "team-swiss"]
[EventRounds "10"]
[EventCountry "HUN"]
[SourceTitle "EXT 2016"]
[Source "ChessBase"]
[SourceDate "2015.10.08"]
[SourceVersion "1"]
[SourceVersionDate "2015.10.08"]
[SourceQuality "1"]
[WhiteTeam "Ireland"]
[BlackTeam "Canada II"]
[WhiteTeamCountry "IRL"]
[BlackTeamCountry "CAN"]

1. e4 c5 2. Nf3 d6 3. d4 cxd4 4. Nxd4 Nf6 5. Nc3 g6 6. Be3 Bg7 7. Bc4 0-0 8. f3 Nc6 9. Qd2 Bd7 10. Nxc6 bxc6 11. Bh6 Bxh6 12. Qxh6 Qa5 13. 0-0-0 Rab8 14. h4 Be6 15. Bxe6 fxe6 16. h5 Nxh5 17. g4 Nf6 18. g5 Rf7 19. gxf6 exf6 20. Rdg1 Kh8 21. Qxg6 Rbf8 22. Rg4 Qc7 23. Ne2 f5 24. Rgh4 Qe7 25. Nd4 fxe4 26. Nxe6 Re8 27. Ng5 1-0

[Event "World ol U16"]
[Site "Gyor"]
[Date "2014.12.16"]
[Round "5.4"]
[White "Harazinska, Ewa"]
[Black "Peng, Jackie"]
[Result "1-0"]
[WhiteElo "2143"]
[BlackElo "1982"]
[PlyCount "89"]
[EventDate "2014.12.13"]
[EventType "team-swiss"]
[EventRounds "10"]
[EventCountry "HUN"]
[SourceTitle "EXT 2016"]
[Source "ChessBase"]
[SourceDate "2015.10.08"]
[SourceVersion "1"]
[SourceVersionDate "2015.10.08"]
[SourceQuality "1"]
[WhiteTeam "Poland"]
[BlackTeam "Canada II"]
[WhiteTeamCountry "POL"]
[BlackTeamCountry "CAN"]

1. d4 Nf6 2. c4 g6 3. Nc3 Bg7 4. e4 d6 5. Nf3 0-0 6. Be2 e5 7. 0-0 Nc6 8. d5 Ne7 9. b4 a5 10. Ba3 Nd7 11. bxa5 Rxa5 12. Bb4 Ra8 13. a4 Bh6 14. Nd2 f5 15. a5 Nf6 16. c5 Bxd2 17. Qxd2 Nxe4 18. Nxe4 fxe4 19. Bc3 Nf5 20. Ra4 Nd4 21. Rxd4 exd4 22. Qxd4 Kf7 23. Qg7+ Ke8 24. Qxh7 Qe7 25. Qxg6+ Kd8 26. cxd6 cxd6 27. Bd4 Bf5 28. Bb6+ Kc8 29. Qg3 Kb8 30. a6 Rxa6 31. Bxa6 bxa6 32. Rc1 Rc8 33. Rxc8+ Kxc8 34. Qa3 Kb7 35. Qb4 Ka8 36. h4 Bg6 37. Be3 Bf7 38. Qb6 Bxd5 39. Qxa6+ Kb8 40. Qb6+ Kc8 41. h5 Bf7 42. Qc6+ Qc7 43. Qxe4 Bxh5 44. Qf5+ Kd8 45. Qxh5 1-0

[Event "North American-ch U20"]
[Site "Kitchener"]
[Date "2014.08.01"]
[Round "3.15"]
[White "Peng, Jackie"]
[Black "Cai, Jason"]
[Result "1-0"]
[WhiteElo "2015"]
[BlackElo "1850"]
[PlyCount "119"]
[EventDate "2014.07.31"]
[EventType "swiss"]
[EventRounds "9"]
[EventCountry "CAN"]
[SourceTitle "EXT 2022"]
[Source "ChessBase"]
[SourceDate "2021.10.06"]
[SourceVersion "1"]
[SourceVersionDate "2021.10.06"]
[SourceQuality "1"]

1. e4 c5 2. Nf3 Nc6 3. d4 cxd4 4. Nxd4 Nf6 5. Nc3 e5 6. Ndb5 d6 7. Bg5 a6 8. Na3 b5 9. Nd5 Be7 10. Bxf6 Bxf6 11. c4 b4 12. Nc2 a5 13. g3 Bg5 14. Bg2 0-0 15. h4 Bh6 16. 0-0 Be6 17. b3 Ra7 18. a3 bxa3 19. Rxa3 f5 20. exf5 Bxf5 21. Nde3 Bxe3 22. Nxe3 Nb4 23. Qd2 Be6 24. Nc2 Nxc2 25. Qxc2 Qb6 26. Be4 g6 27. Kg2 Kh8 28. Qd2 Rff7 29. f3 Rfd7 30. Rfa1 Ra6 31. Qc3 Rda7 32. R3a2 Qc5 33. f4 Kg8 34. fxe5 dxe5 35. Rd1 Rd6 36. Rxd6 Qxd6 37. Rxa5 Rxa5 38. Qxa5 Qd4 39. Bd5 Qb2+ 40. Kf1 Bxd5 41. Qxd5+ Kg7 42. c5 Qb1+ 43. Ke2 Qc2+ 44. Ke3 Qc3+ 45. Ke4 Qe1+ 46. Kd3 Qxg3+ 47. Kc4 Qxh4+ 48. Kb5 Qf4 49. c6 Qf1+ 50. Kb6 Qf6 51. Kb7 Kh6 52. c7 Qe7 53. Kb8 Qb4+ 54. Qb7 Qf8+ 55. c8Q Qd6+ 56. Qcc7 Qf8+ 57. Ka7 Qa3+ 58. Qa6 Qb2 59. Qac4 Qa3+ 60. Kb6 1-0

[Event "North American-ch U20"]
[Site "Kitchener"]
[Date "2014.08.01"]
[Round "4.7"]
[White "Tang, Andrew"]
[Black "Peng, Jackie"]
[Result "1-0"]
[WhiteElo "2258"]
[BlackElo "2015"]
[PlyCount "97"]
[EventDate "2014.07.31"]
[EventType "swiss"]
[EventRounds "9"]
[EventCountry "CAN"]
[SourceTitle "EXT 2022"]
[Source "ChessBase"]
[SourceDate "2021.10.06"]
[SourceVersion "1"]
[SourceVersionDate "2021.10.06"]
[SourceQuality "1"]

1. d4 Nf6 2. c4 g6 3. Nc3 Bg7 4. e4 d6 5. f3 0-0 6. Nge2 e5 7. dxe5 dxe5 8. Qxd8 Rxd8 9. Nd5 Na6 10. Bg5 Rd6 11. 0-0-0 Nxd5 12. cxd5 f6 13. Be3 Bd7 14. Nc3 Be8 15. Nb5 Rdd8 16. Bc4 Bxb5 17. Bxb5 Nb8 18. h4 Nd7 19. Bc4 Kh8 20. Kb1 Bf8 21. h5 g5 22. g3 Bd6 23. Bf1 a5 24. Rc1 b6 25. Rc6 Kg7 26. h6+ Kf7 27. Bh3 Nb8 28. Rc4 Na6 29. Bf5 Rh8 30. Rc6 Nb8 31. Rcc1 Na6 32. Rhg1 Bf8 33. Rh1 Bd6 34. Rcg1 Bc5 35. Bxc5 Nxc5 36. f4 Ke7 37. fxg5 fxg5 38. b3 Nb7 39. Rc1 Nc5 40. Rc3 Raf8 41. a3 Rf6 42. b4 axb4 43. axb4 Na6 44. g4 Kd6 45. Rhc1 Ra8 46. Ra3 Rff8 47. Rc6+ Ke7 48. b5 Nc5 49. Rxc7+ 1-0

[Event "Toronto NAYCC U18 Girls"]
[Site "Toronto"]
[Date "2013.08.14"]
[Round "1"]
[White "Peng, Jackie"]
[Black "Kalaydina, Regina Veronicka"]
[Result "0-1"]
[WhiteElo "2231"]
[BlackElo "1958"]
[PlyCount "66"]
[EventDate "2013.08.14"]
[EventType "swiss"]
[EventRounds "9"]
[EventCountry "CAN"]
[SourceTitle "EXT 2022"]
[Source "ChessBase"]
[SourceDate "2021.10.06"]
[SourceVersion "1"]
[SourceVersionDate "2021.10.06"]
[SourceQuality "1"]

1. e4 c5 2. Nf3 e6 3. d4 cxd4 4. Nxd4 Nc6 5. Nc3 Qc7 6. Be3 a6 7. Bd3 Nf6 8. 0-0 Be7 9. Nb3 b5 10. f4 d6 11. Qe2 0-0 12. g4 Nd7 13. g5 Re8 14. Qh5 g6 15. Qh4 Bf8 16. Rf3 b4 17. Rh3 h5 18. Ne2 Nc5 19. Nxc5 dxc5 20. Ng3 Bg7 21. Rf1 Nd4 22. b3 Bd7 23. Bd2 Qb7 24. Nxh5 gxh5 25. Qxh5 Bc6 26. g6 f5 27. exf5 Nxf5 28. Be3 Nxe3 29. Qh7+ Kf8 30. Rxe3 Bd4 31. Qh6+ Qg7 32. Qh3 Bxe3+ 33. Qxe3 Qd4 0-1

[Event "Kitchener Winter op"]
[Site "Kitchener "]
[Date "2013.03.09"]
[Round "2"]
[White "Peng, Jackie"]
[Black "Kalra, Agastya"]
[Result "1-0"]
[WhiteElo "2205"]
[BlackElo "2081"]
[PlyCount "44"]
[EventDate "2013.03.09"]
[EventType "swiss"]
[EventRounds "5"]
[EventCountry "CAN"]
[SourceTitle "EXT 2015"]
[Source "ChessBase"]
[SourceDate "2014.11.20"]
[SourceVersion "1"]
[SourceVersionDate "2014.11.20"]
[SourceQuality "1"]

1. e4 c5 2. Nf3 d6 3. d4 cxd4 4. Nxd4 Nf6 5. Nc3 g6 6. Be3 Bg7 7. f3 0-0 8. Qd2 Nc6 9. Bc4 Bd7 10. 0-0 Rb8 11. Bb3 Na5 12. Bc4 Be6 13. Nc6 Qc7 14. Nxb8 Rxb8 15. Bd4 d5 16. exd5 Nxd5 17. Bxg7 Kxg7 18. h4 Nb4 19. h5 Rd8 20. h6+ Kf6 21. Bd5 g5 22. Qe2 Qe5 1-0

[Event "Kitchener Winter op"]
[Site "Kitchener "]
[Date "2013.03.09"]
[Round "3"]
[White "Sundar, Avinash"]
[Black "Peng, Jackie"]
[Result "0-1"]
[WhiteElo "2128"]
[BlackElo "2205"]
[PlyCount "110"]
[EventDate "2013.03.09"]
[EventType "swiss"]
[EventRounds "5"]
[EventCountry "CAN"]
[SourceTitle "EXT 2015"]
[Source "ChessBase"]
[SourceDate "2014.11.20"]
[SourceVersion "1"]
[SourceVersionDate "2014.11.20"]
[SourceQuality "1"]

1. Nf3 d6 2. g3 Nf6 3. Bg2 g6 4. c4 Bg7 5. Nc3 0-0 6. 0-0 c6 7. e4 e5 8. d3 Nbd7 9. b4 Re8 10. b5 Nc5 11. Rb1 Ne6 12. bxc6 bxc6 13. Ba3 Qc7 14. Qa4 Bd7 15. Rfc1 Nd4 16. Nxd4 exd4 17. Ne2 c5 18. Qa6 Rab8 19. Re1 Bh6 20. Rxb8 Rxb8 21. e5 Rb6 22. exd6 Rxa6 23. dxc7 Rxa3 24. Bc6 Bf5 25. g4 Bxg4 26. Bf3 Ne8 27. Bxg4 Nxc7 28. Ng3 Rxd3 29. Re7 Ne6 30. Bxe6 fxe6 31. Ne4 Rc3 32. Rxa7 Rxc4 33. Ra8+ Bf8 34. Ng5 Rc1+ 35. Kg2 Re1 36. Re8 d3 37. Nf3 c4 38. Rd8 Rd1 39. Ne5 c3 40. Nxd3 c2 41. Rc8 Rxd3 42. Rxc2 Kf7 43. h3 Kf6 44. Rc4 Bd6 45. Rc2 e5 46. Rb2 Kg5 47. Rb7 h5 48. Rb2 Bc5 49. Rc2 Bd4 50. Re2 Ra3 51. Kh2 Kf4 52. Kg2 g5 53. Rc2 Ra4 54. Rc8 Rxa2 55. Rf8+ Ke4 0-1

[Event "Olympiad Women-40"]
[Site "Istanbul"]
[Date "2012.08.29"]
[Round "2.2"]
[White "Peng, Jackie"]
[Black "Dauletova, Gulmira"]
[Result "0-1"]
[WhiteElo "2009"]
[BlackElo "2267"]
[PlyCount "126"]
[EventDate "2012.08.28"]
[EventType "team-swiss"]
[EventRounds "11"]
[EventCountry "TUR"]
[SourceTitle "CBM 150 Extra"]
[Source "ChessBase"]
[SourceDate "2012.10.19"]
[SourceVersion "1"]
[SourceVersionDate "2012.10.19"]
[SourceQuality "1"]
[WhiteTeam "Canada (W)"]
[BlackTeam "Kazakhstan (W)"]
[WhiteTeamCountry "CAN"]
[BlackTeamCountry "KAZ"]

1. e4 e5 2. Nf3 d6 3. d4 exd4 4. Nxd4 Nf6 5. Nc3 Be7 6. Be2 0-0 7. 0-0 Re8 8. f4 Bf8 9. Bf3 c5 10. Nb3 Nc6 11. Re1 a5 12. Be3 a4 13. Nd2 a3 14. b3 Nb4 15. Nc4 Be6 16. f5 Bxc4 17. bxc4 Nd7 18. Nd5 Ne5 19. Be2 Nbc6 20. Rb1 Na5 21. Bf4 Ra7 22. Bxe5 Rxe5 23. Bd3 Qh4 24. Qf3 Nc6 25. c3 Be7 26. g3 Qh6 27. Rb5 Qd2 28. Re2 Qc1+ 29. Kg2 Bf8 30. Rb1 Qg5 31. f6 Re6 32. h4 Qh6 33. fxg7 Qxg7 34. Rf2 Ne5 35. Qe2 Rg6 36. Rf3 Nxf3 37. Qxf3 Qe5 38. Rf1 b6 39. h5 Rg5 40. Be2 Bg7 41. h6 Bxh6 42. Nf6+ Kh8 43. Rh1 Rg6 44. Ng4 Qe6 45. Qf5 Re7 46. Bf3 Bg5 47. Nf2 Bd2 48. Bg4 Qe5 49. Qxe5+ dxe5 50. Bf5 Bxc3 51. Bxg6 fxg6 52. Rd1 Bd4 53. Rb1 Ra7 54. Rxb6 Ra4 55. Ng4 Rxc4 56. Rb7 Kg8 57. Nf6+ Kf8 58. Rd7 Rc2+ 59. Kh3 Rf2 60. Nxh7+ Ke8 61. Ra7 Rxa2 62. Kg4 c4 63. Rc7 Rc2 0-1

[Event "CAN-ch (Women)"]
[Site "Montreal"]
[Date "2012.08.09"]
[Round "6"]
[White "Agbabishvili, Lali"]
[Black "Peng, Jackie"]
[Result "1-0"]
[WhiteElo "1925"]
[BlackElo "2009"]
[PlyCount "59"]
[EventDate "2012.08.05"]
[EventType "swiss"]
[EventRounds "9"]
[EventCountry "CAN"]
[SourceTitle "EXT 2022"]
[Source "ChessBase"]
[SourceDate "2021.10.06"]
[SourceVersion "1"]
[SourceVersionDate "2021.10.06"]
[SourceQuality "1"]

1. d4 Nf6 2. c4 g6 3. Nc3 Bg7 4. e4 d6 5. Be2 0-0 6. Bg5 Nbd7 7. f4 h6 8. Bh4 c5 9. d5 Nh7 10. Qd2 a6 11. Nf3 Rb8 12. a4 b6 13. 0-0 f6 14. Bd3 g5 15. Bg3 Qe8 16. e5 dxe5 17. fxe5 fxe5 18. Rae1 Bb7 19. Qc2 Nhf6 20. Nxe5 Nxe5 21. Bxe5 Rc8 22. Bd6 Nh5 23. Rxf8+ Qxf8 24. Bxe7 Bd4+ 25. Kh1 Re8 26. d6 Nf4 27. Be4 Bxe4 28. Qxe4 Nh3 29. gxh3 Qf2 30. Nd1 1-0

[Event "Toronto"]
[Site "Toronto"]
[Date "2012.07.16"]
[Round "3"]
[White "Peng, Jackie"]
[Black "Panjwani, Raja"]
[Result "0-1"]
[WhiteElo "2172"]
[BlackElo "2493"]
[PlyCount "56"]
[EventDate "2012.07.15"]
[EventType "swiss"]
[EventRounds "7"]
[EventCountry "CAN"]
[SourceTitle "EXT 2022"]
[Source "ChessBase"]
[SourceDate "2021.10.06"]
[SourceVersion "1"]
[SourceVersionDate "2021.10.06"]
[SourceQuality "1"]

1. e4 g6 2. d4 Bg7 3. Nf3 d6 4. Nc3 c6 5. Bc4 Nf6 6. 0-0 d5 7. exd5 cxd5 8. Bb3 0-0 9. Bg5 Be6 10. Re1 h6 11. Bf4 Bg4 12. h3 Bxf3 13. Qxf3 e6 14. Rad1 Nc6 15. Qe3 Kh7 16. Be5 Nxe5 17. dxe5 Nd7 18. f4 g5 19. Nxd5 exd5 20. Bxd5 Qe7 21. Bxb7 Rad8 22. fxg5 Qxg5 23. e6 fxe6 24. Qxe6 Nc5 25. Qc6 Rxd1 26. Rxd1 Be5 27. Qb5 Qe3+ 28. Kh1 Qg3 0-1

[Event "Ottawa National Capital op"]
[Site "Ottawa"]
[Date "2011.12.11"]
[Round "5"]
[White "Pacey, Kevin"]
[Black "Peng, Jackie"]
[Result "1-0"]
[WhiteElo "2271"]
[BlackElo "2098"]
[PlyCount "79"]
[EventDate "2011.12.09"]
[EventType "swiss"]
[EventRounds "5"]
[EventCountry "CAN"]
[SourceTitle "EXT 2022"]
[Source "ChessBase"]
[SourceDate "2021.10.06"]
[SourceVersion "1"]
[SourceVersionDate "2021.10.06"]
[SourceQuality "1"]

1. e4 c5 2. c3 Nf6 3. e5 Nd5 4. d4 cxd4 5. Nf3 Nc6 6. cxd4 d6 7. exd6 e6 8. Bd3 Bxd6 9. 0-0 0-0 10. Nc3 Nxc3 11. bxc3 Be7 12. Qe2 Bf6 13. Rd1 Qc7 14. Qe4 g6 15. Bg5 Bg7 16. Rac1 e5 17. Qh4 Be6 18. d5 Bxd5 19. Bxg6 fxg6 20. Rxd5 Rae8 21. Qe4 Rf7 22. Be3 Ne7 23. Rc5 Qd6 24. Ng5 Rf4 25. Qxb7 Rb8 26. Qc7 Qxc7 27. Rxc7 Nd5 28. Bxa7 Rb2 29. Rxg7+ Kxg7 30. Ne6+ Kf6 31. Nxf4 Nxf4 32. Ra1 Ne2+ 33. Kf1 Nxc3 34. a3 Ke6 35. g3 Kd5 36. a4 Kc4 37. a5 Kb5 38. Bb8 Ne4 39. a6 Rxf2+ 40. Kg1 1-0

[Event "Guelph Fall ProAm"]
[Site "Guelph"]
[Date "2011.11.06"]
[Round "4"]
[White "Plotkin, Mark"]
[Black "Peng, Jackie"]
[Result "1-0"]
[WhiteElo "1912"]
[BlackElo "2121"]
[PlyCount "45"]
[EventDate "2011.11.05"]
[EventType "swiss"]
[EventRounds "5"]
[EventCountry "CAN"]
[SourceTitle "EXT 2022"]
[Source "ChessBase"]
[SourceDate "2021.10.06"]
[SourceVersion "1"]
[SourceVersionDate "2021.10.06"]
[SourceQuality "1"]

1. e4 c5 2. c3 Nf6 3. e5 Nd5 4. d4 cxd4 5. Nf3 Nc6 6. Bc4 Nb6 7. Bb3 e6 8. cxd4 d6 9. exd6 Bxd6 10. Nc3 0-0 11. 0-0 Bb4 12. Bc2 a6 13. a3 Be7 14. Bh6 Re8 15. Ne4 Nd5 16. Re1 Nf6 17. Ne5 Nxd4 18. Ng5 Qb6 19. Ba4 Nc6 20. Ngxf7 Bc5 21. Qf3 Be7 22. Nxc6 Kxf7 23. Ne5+ 1-0

[Event "CAN-ch (Women) 15th"]
[Site "Toronto"]
[Date "2011.10.09"]
[Round "5"]
[White "Peng, Jackie"]
[Black "Roy, Myriam"]
[Result "1-0"]
[WhiteElo "1899"]
[BlackElo "1957"]
[PlyCount "71"]
[EventDate "2011.10.08"]
[EventType "swiss"]
[EventRounds "6"]
[EventCountry "CAN"]
[SourceTitle "CBM 144 Extra"]
[Source "ChessBase"]
[SourceDate "2011.10.28"]
[SourceVersion "1"]
[SourceVersionDate "2011.10.28"]
[SourceQuality "1"]

1. e4 c6 2. d4 d5 3. Nc3 dxe4 4. Nxe4 Nd7 5. Ng5 Ngf6 6. Bd3 e6 7. N1f3 Bd6 8. Qe2 h6 9. Ne4 Nxe4 10. Qxe4 Nf6 11. Qe2 Qc7 12. Bd2 Bd7 13. 0-0-0 0-0-0 14. Ne5 Rhf8 15. g3 Nd5 16. c4 Nb4 17. Nxd7 Qxd7 18. Bb1 Na6 19. c5 Be7 20. Ba5 Nc7 21. Be4 Bf6 22. Qc4 Qe7 23. Rd3 Rd7 24. a4 e5 25. b4 Rxd4 26. Rxd4 exd4 27. Bf5+ Kb8 28. b5 cxb5 29. axb5 Ne6 30. Bb4 Re8 31. Re1 Qd7 32. c6 Qc8 33. Bd6+ Ka8 34. Be4 Nd8 35. c7 Ne6 36. b6 1-0

[Event "CAN-ch (Women) 15th"]
[Site "Toronto"]
[Date "2011.10.08"]
[Round "3"]
[White "Belc, Daniela"]
[Black "Peng, Jackie"]
[Result "1-0"]
[WhiteElo "2053"]
[BlackElo "1899"]
[PlyCount "81"]
[EventDate "2011.10.08"]
[EventType "swiss"]
[EventRounds "6"]
[EventCountry "CAN"]
[SourceTitle "CBM 144 Extra"]
[Source "ChessBase"]
[SourceDate "2011.10.28"]
[SourceVersion "1"]
[SourceVersionDate "2011.10.28"]
[SourceQuality "1"]

1. d4 Nf6 2. c4 g6 3. Nc3 Bg7 4. e4 d6 5. Be2 0-0 6. Bg5 c5 7. d5 h6 8. Bf4 e5 9. Be3 Kh7 10. Nf3 Ng4 11. Ng5+ hxg5 12. Bxg4 f5 13. Be2 Nd7 14. Qc2 f4 15. Bd2 Nf6 16. 0-0-0 a6 17. g3 Ng4 18. Bxg4 Bxg4 19. Rde1 b5 20. h4 Kg8 21. gxf4 exf4 22. Rhg1 Qd7 23. f3 Bxf3 24. Rxg5 Bh5 25. Ne2 Bh6 26. Nxf4 Bxg5 27. hxg5 Qg4 28. Ne6 Rf2 29. Qc3 Ra7 30. Qa5 Ra8 31. Qc7 Rf7 32. Qxd6 Qh3 33. Qe5 Bg4 34. Nf4 Qh7 35. d6 Qg7 36. Qd5 Rc8 37. e5 bxc4 38. e6 Rf5 39. Qxc4 Re5 40. e7+ Kh7 41. Rh1+ 1-0

[Event "Canadian op 48th"]
[Site "Toronto"]
[Date "2011.07.12"]
[Round "4"]
[White "Peng, Jackie"]
[Black "Loadman, Ian"]
[Result "0-1"]
[WhiteElo "1991"]
[BlackElo "2218"]
[PlyCount "74"]
[EventDate "2011.07.09"]
[EventType "swiss"]
[EventRounds "9"]
[EventCountry "CAN"]
[SourceTitle "EXT 2022"]
[Source "ChessBase"]
[SourceDate "2021.10.06"]
[SourceVersion "1"]
[SourceVersionDate "2021.10.06"]
[SourceQuality "1"]

1. e4 e5 2. Nf3 Nc6 3. Bc4 Nf6 4. Qe2 Be7 5. c3 0-0 6. d3 d6 7. Nbd2 Bd7 8. Bb3 Na5 9. Bc2 c5 10. h3 Ne8 11. g4 Nc7 12. Nf1 Ne6 13. Ng3 Re8 14. Nf5 Bf8 15. h4 Nc6 16. Ng5 Bc8 17. Qf3 Qc7 18. h5 Ncd8 19. h6 g6 20. Ng7 Re7 21. Nh5 gxh5 22. Nxe6 Rxe6 23. gxh5 Bxh6 24. Rg1+ Kf8 25. Bxh6+ Rxh6 26. Qg3 Ne6 27. Bb3 Ke7 28. Qg8 Rb8 29. Rg7 Rf6 30. Rxh7 Bd7 31. Qg3 Qd8 32. Bxe6 Bxe6 33. Qg5 Qg8 34. Rg7 Qh8 35. Ke2 Qh6 36. Qg2 Qxh5+ 37. Ke3 Rh8 0-1

[Event "Canadian op 48th"]
[Site "Toronto"]
[Date "2011.07.11"]
[Round "3"]
[White "Coleman, Mike"]
[Black "Peng, Jackie"]
[Result "0-1"]
[WhiteElo "2162"]
[BlackElo "1991"]
[PlyCount "50"]
[EventDate "2011.07.09"]
[EventType "swiss"]
[EventRounds "9"]
[EventCountry "CAN"]
[SourceTitle "EXT 2022"]
[Source "ChessBase"]
[SourceDate "2021.10.06"]
[SourceVersion "1"]
[SourceVersionDate "2021.10.06"]
[SourceQuality "1"]

1. e4 c5 2. Nf3 d6 3. d4 cxd4 4. Nxd4 Nf6 5. Nc3 g6 6. Be3 Bg7 7. f3 0-0 8. Qd2 Nc6 9. Bc4 Bd7 10. 0-0-0 Rb8 11. h4 b5 12. Bb3 Na5 13. Bh6 Bxh6 14. Qxh6 e5 15. Nde2 b4 16. Nd5 Nxb3+ 17. axb3 Nxd5 18. Rxd5 Be6 19. h5 Qc7 20. hxg6 fxg6 21. Rxd6 Rfc8 22. Qd2 Bxb3 23. Kd1 Qxc2+ 24. Qxc2 Rxc2 25. Nc1 Rc6+ 0-1